|
|
|
|
| LEADER |
01541nam a2200349 a 4500 |
| 001 |
EBC797578 |
| 003 |
MiAaPQ |
| 005 |
20200520144314.0 |
| 006 |
m o d | |
| 007 |
cr cn||||||||| |
| 008 |
111212s2009 sz sbf 000 0 eng d |
| 020 |
|
|
|z 9789221221777
|
| 020 |
|
|
|a 9789221221784 (electronic bk.)
|
| 035 |
|
|
|a (MiAaPQ)EBC797578
|
| 035 |
|
|
|a (Au-PeEL)EBL797578
|
| 035 |
|
|
|a (CaPaEBR)ebr10512132
|
| 035 |
|
|
|a (OCoLC)671398949
|
| 040 |
|
|
|a MiAaPQ
|c MiAaPQ
|d MiAaPQ
|
| 050 |
|
4 |
|a HD4871
|b .F67 2009
|
| 245 |
0 |
0 |
|a Forced labour and human trafficking casebook of court decisions
|h [electronic resource] :
|b a training manual for judges, prosecutors and legal practitioners /
|c Special Action Programme to Combat Forced Labour.
|
| 260 |
|
|
|a Geneva :
|b International Labour Office,
|c 2009.
|
| 300 |
|
|
|a iii, 109 p.
|
| 504 |
|
|
|a Includes bibliographical references.
|
| 533 |
|
|
|a Electronic reproduction. Ann Arbor, MI : ProQuest, 2015. Available via World Wide Web. Access may be limited to ProQuest affiliated libraries.
|
| 650 |
|
0 |
|a Forced labor
|v Case studies.
|
| 650 |
|
0 |
|a Human trafficking
|v Case studies.
|
| 650 |
|
0 |
|a Forced labor
|x Law and legislation
|v Handbooks, manuals, etc.
|
| 650 |
|
0 |
|a Human trafficking
|x Law and legislation
|v Handbooks, manuals, etc.
|
| 655 |
|
4 |
|a Electronic books.
|
| 710 |
2 |
|
|a International Labour Office.
|b Special Action Programme to Combat Forced Labour.
|
| 710 |
2 |
|
|a ProQuest (Firm)
|
| 856 |
4 |
0 |
|u https://ebookcentral.proquest.com/lib/matrademy/detail.action?docID=797578
|z Click to View
|